Guess the Taylor Swift Song (Debut) 3 - Statistics

General Stats
  • This quiz has been taken 8 times
  • The average score is 236 of 347
Answer Stats
Answer % Correct
a
100%
And
100%
and
100%
I
100%
is
100%
it
100%
It?
100%
the
100%
The
100%
you
100%
You
100%
be
80%
can
80%
could
80%
did
80%
do
80%
ever
80%
for
80%
her
80%
In
80%
It's
80%
me)
80%
me
80%
No
80%
No,
80%
no,
80%
no
80%
of
80%
she
80%
that
80%
there
80%
to
80%
we
80%
We
80%
your
80%
all
60%
at
60%
Baby,
60%
back
60%
been
60%
Before
60%
But
60%
can't
60%
chance,
60%
fore
60%
go
60%
go,
60%
gone
60%
have
60%
home
60%
just
60%
know
60%
known
60%
let
60%
might
60%
mind
60%
my
60%
now
60%
one
60%
out
60%
right
60%
said,
60%
same?
60%
say
60%
shouldn't
60%
should've
60%
still
60%
take
60%
tell
60%
things
60%
this
60%
this?
60%
thought
60%
was
60%
Was
60%
what
60%
Why?
60%
with
60%
Yes
60%
you'd
60%
about
40%
asking
40%
beggin'
40%
Even
40%
everything
40%
feet
40%
forgiveness
40%
found
40%
Get
40%
(get
40%
I've
40%
looking
40%
moment
40%
myself,
40%
need
40%
oh
40%
past
40%
see
40%
sing
40%
songs
40%
think
40%
twice
40%
used
40%
weakness
40%
word
40%
worth
40%
believe
20%
cryin'
20%
expect
20%
Feels
20%
flowers,
20%
Given
20%
honestly
20%
resist
20%
smiles,
20%
strange
20%
To say
20%
whoa
20%
wrong
20%
Yesterday
20%
bout
0%
No matching quizzes found
Score Distribution
Percent of People with Each Score
Percentile by Number Answered
Your Score History
You have not taken this quiz